Cenni storici generali della Pia Società San Paolo (Record n. 37599)

Dettagli MARC
000 -LEADER
fixed length control field 01686nam a22001937a 4500
003 - CONTROL NUMBER IDENTIFIER
control field IT-RoPau
005 - DATE AND TIME OF LATEST TRANSACTION
control field 20220918175936.0
008 - FIXED-LENGTH DATA ELEMENTS--GENERAL INFORMATION
fixed length control field 121204b xxu||||| |||| 00| 0 eng d
040 ## - CATALOGING SOURCE
Transcribing agency IT-RoPau
100 ## - MAIN ENTRY--PERSONAL NAME
Personal name Alberione Giacomo
Fuller form of name Fondatore Famiglia Paolina
9 (RLIN) 19
245 ## - TITLE STATEMENT
Title Cenni storici generali della Pia Società San Paolo
250 ## - EDITION STATEMENT
Edition statement II
260 ## - PUBLICATION, DISTRIBUTION, ETC. (IMPRINT)
Place of publication, distribution, etc. Roma
Name of publisher, distributor, etc. SSP
Date of publication, distribution, etc. 1981
300 ## - PHYSICAL DESCRIPTION
Extent 68 p.
Dimensions 21,5 cm
490 ## - SERIES STATEMENT
Series statement Edizioni Archivio Storico Paolino Famiglia Paolina
Volume/sequential designation I
500 ## - GENERAL NOTE
General note Presentiamo le 26 puntate della prima storia organica della Famiglia Paolina.
520 ## - SUMMARY, ETC.
Summary, etc. Indice<br/><br/>Introduzione<br/><br/>Puntata n° 1 febbraio 1923<br/>Puntata n° 2 marzo 1923<br/>Puntata n° 3 aprile 1923<br/>Puntata n° 4 maggio 1923<br/>Puntata n° 5 giugno 1923<br/>Puntata n° 6 luglio 1923<br/>Puntata n° 7 agosto 1923<br/>Puntata n° 8 settembre 1923<br/>Puntata n° 9 ottobre 1923<br/>Puntata n° 10 novembre 1923<br/>Puntata n° 11 dicembre 1923<br/>Puntata n° 12 gennaio 1924<br/>Puntata n° 13 febbraio 1924<br/>Puntata n° 14 marzo 1924<br/>Puntata n° 15 aprile 1924<br/>Puntata n° 16 maggio 1924<br/>Puntata n° 17 giugno 1924<br/>Puntata n° 18 luglio 1924<br/>Puntata n° 19 agosto 1924<br/>Puntata n° 20 settembre 1924<br/>Puntata n° 21 ottobre 1924<br/>Puntata n° 22 novembre 1924<br/>Puntata n° 23 dicembre 1924<br/>Puntata n° 24 gennaio 1925<br/>Puntata n° 25 febbraio 1925<br/>Puntata n° 26 aprile 1925<br/><br/>Note<br/><br/>Appendice<br/><br/>Introduzione<br/><br/>Don Alberione ai piedi di Benedetto XV<br/>Una carità alla Buona Stampa<br/>I Cooperatori Paolini e il loro giornaletto<br/>Un certo clima mariano<br/>Audiovisivi negli anni 20<br/>Partecipazione alla vita ecclesiale
942 ## - ADDED ENTRY ELEMENTS (KOHA)
Source of classification or shelving scheme Dewey Decimal Classification
Koha item type LIBRO
Dati di copia
Withdrawn status Lost status Source of classification or shelving scheme Damaged status Not for loan Home library Current library Date acquired Total Checkouts Full call number Date last seen Price effective from Koha item type
    Dewey Decimal Classification Buone Condizioni Not For Loan PAULUS-BIBLIOTECA PAULUS-BIBLIOTECA 04/12/2012   P A6 04/12/2012 04/12/2012 LIBRO
    Dewey Decimal Classification Buone Condizioni Not For Loan PAULUS-BIBLIOTECA PAULUS-BIBLIOTECA 18/11/2013   P A6 18/11/2013 18/11/2013 LIBRO
    Dewey Decimal Classification Buone Condizioni Not For Loan PAULUS-BIBLIOTECA PAULUS-BIBLIOTECA 18/11/2013   P A6 18/11/2013 18/11/2013 LIBRO
    Dewey Decimal Classification Buone Condizioni Not For Loan PAULUS-BIBLIOTECA PAULUS-BIBLIOTECA 18/11/2013   P A6 18/11/2013 18/11/2013 LIBRO
    Dewey Decimal Classification Buone Condizioni Not For Loan PAULUS-BIBLIOTECA PAULUS-BIBLIOTECA 18/11/2013   P A6 18/11/2013 18/11/2013 LIBRO
    Dewey Decimal Classification Buone Condizioni Not For Loan PAULUS-BIBLIOTECA PAULUS-BIBLIOTECA 18/11/2013   P A6 18/11/2013 18/11/2013 LIBRO
CREDITS: SOCIETA' SAN PAOLO Via A.Severo, 58 - ROMA (RM) & PERIODICI SAN PAOLO SRL Via Giotto, 36 MILANO & CISF Via Giotto, 36 MILANO & EDIZIONI SAN PAOLO SRL,  Piazza Soncino, 5 CINISELLO BALSAMO (MI) -- ITALY